| 000 | 00000nam##2200000za#4500 |
| 001 | 9.573288 |
| 003 | CaOODSP |
| 005 | 20210624183630 |
| 007 | cr ||||||||||| |
| 008 | 150406|2005||||xxc|||||o f|0| 0 eng|d |
| 040 | |aCaOODSP|beng |
| 043 | |an-cn--- |
| 086 | 1 |aBT31-4/92-2005E-PDF |
| 110 | 1 |aCanada. |bTreasury Board. |
| 245 | 10|aCanada Firearms Centre, 2004-2005 departmental performance report |h[electronic resource] |
| 246 | 15|aCanada Firearms Centre - 2004-2005 estimates, part III, departmental performance report |
| 260 | |aOttawa - Ontario : |bTreasury Board of Canada Secretariat |c[2005]. |
| 300 | |a64p.|bgraphs, organization chart, tables, photographs, index |
| 490 | 1 |aPerformance report for the period ending March 31, 2005 |
| 590 | |a12-07-Supp|b2012-03-09 |
| 775 | 08|tCentre des armes à feu Canada - 2004-2005 rapport ministériel sur le rendement |w(CaOODSP)9.603497 |
| 776 | 0#|tCanada Firearms Centre |w(CaOODSP)9.541878 |
| 776 | 0#|tCentre des armes à feu Canada |w(CaOODSP)9.541879 |
| 830 | #0|aPerformance report for the period ending March 31, 2005.|w(CaOODSP)9.506266 |
| 856 | 40|ahttp://publications.gc.ca|qPDF|s370 KB|uhttps://publications.gc.ca/collections/collection_2012/sct-tbs/BT31-4-92-2005-eng.pdf |